|
|
|
|
| LEADER |
00000nas a2200000 a 4500 |
| 001 |
ssj0000402398 |
| 003 |
WaSeSS |
| 005 |
20200512172242.0 |
| 006 |
m d |
| 007 |
cr n |
| 008 |
110323c20109999nz ar s 0 a0eng c |
| 010 |
|
|
|a 2011243724
|
| 016 |
7 |
|
|a 101550884
|2 DNLM
|
| 022 |
|
|
|a 1179-2736
|
| 035 |
|
|
|a (WaSeSS)ssj0000402398
|
| 037 |
|
|
|b Dove Medical Press Ltd., PO Box 300-008, Albany, 2G, 5 Ceres Court, Mairangi Bay, Auckland 0752, New Zealand
|
| 040 |
|
|
|a HUA
|b eng
|c HUA
|d NTE
|d NLM
|d TXA
|d OCLCF
|d CUS
|d OCLCO
|d EUW
|d OCLCO
|d OCLCQ
|d OCLCO
|d OCLCQ
|d CASUM
|d OCLCO
|d OCLCQ
|d WT2
|d OCLCO
|d OCLCQ
|d OCLCA
|d OCLCQ
|d AU@
|d OCLCA
|d OCLCQ
|d CNMTR
|d OCLCQ
|d WaSeSS
|
| 042 |
|
|
|a pcc
|
| 050 |
|
4 |
|a RC633
|b .J68
|
| 060 |
1 |
0 |
|a W1
|
| 082 |
0 |
4 |
|a 616.15
|b J86
|
| 210 |
1 |
0 |
|a J Blood Med
|2 dnlm
|
| 245 |
0 |
0 |
|a Journal of blood medicine
|h [electronic resource].
|
| 246 |
1 |
|
|a Blood medicine
|
| 246 |
1 |
|
|a J Blood Med
|
| 260 |
|
|
|a [Auckland, N.Z.] :
|b Dove Medical Press,
|c ©2010-
|
| 310 |
|
|
|a Annual
|
| 362 |
1 |
|
|a Began with: Vol. 1 (2010).
|
| 506 |
|
|
|a License restrictions may limit access.
|
| 515 |
|
|
|a Articles added consectively to current annual volume.
|
| 588 |
0 |
|
|a Vol. 1 (2010); title from Pdf article running title (Dove Medical Press, viewed Nov 22, 2010).
|
| 588 |
1 |
|
|a Vol. 3 (2012) (Dove Medical Press, viewed Aug. 1, 2012).
|
| 650 |
|
0 |
|a Hematology
|v Periodicals.
|
| 650 |
|
0 |
|a Blood
|x Diseases
|v Periodicals.
|
| 650 |
|
0 |
|a Hemophilia
|v Periodicals.
|
| 650 |
1 |
2 |
|a Hematologic Diseases.
|
| 650 |
|
7 |
|a Blood
|x Diseases.
|2 fast
|0 (OCoLC)fst00834579
|
| 650 |
|
7 |
|a Hematology.
|2 fast
|0 (OCoLC)fst00954904
|
| 650 |
|
7 |
|a Hemophilia.
|2 fast
|0 (OCoLC)fst00955079
|
| 655 |
|
0 |
|a Electronic journals.
|
| 856 |
4 |
0 |
|z Full text available from Research Library: 01/01/2010 to present
|u https://search.proquest.com/publication/3933412
|